|
|
|
|
| LEADER |
01000cam a2200265 c 4500 |
| 001 |
479632049 |
| 003 |
DE-627 |
| 005 |
20260311003708.0 |
| 007 |
tu |
| 008 |
050218s2005 sz ||||| 00| ||fre c |
| 016 |
7 |
|
|a ERA17132
|2 DE-101
|
| 020 |
|
|
|a 2600009817
|
| 035 |
|
|
|a (DE-627)479632049
|
| 035 |
|
|
|a (DE-603)127868631
|
| 035 |
|
|
|a (DE-576)116402091
|
| 035 |
|
|
|a (DE-599)GBV479632049
|
| 035 |
|
|
|a (OCoLC)238045575
|
| 035 |
|
|
|a (OCoLC)57766097
|
| 040 |
|
|
|a DE-627
|b ger
|c DE-627
|e rakwb
|
| 041 |
|
|
|a fre
|
| 044 |
|
|
|c XA-CH
|
| 050 |
|
0 |
|a DC111.3
|
| 050 |
|
0 |
|a D250
|
| 082 |
0 |
|
|a 940.2
|
| 082 |
0 |
|
|a 944
|
| 084 |
|
|
|a 1
|2 ssgn
|
| 084 |
|
|
|a NH 3980
|2 rvk
|0 (DE-625)rvk/125609:238
|
| 084 |
|
|
|a 11.53
|2 bkl
|
| 084 |
|
|
|a 15.65
|2 bkl
|
| 100 |
1 |
|
|8 1\p
|a Turrel, Denise
|d 1951-
|e verfasserin
|0 (DE-588)1204269335
|0 (DE-627)1689602910
|4 aut
|
| 245 |
1 |
3 |
|a Le blanc de France
|b la construction des signes identitaires pendant les guerres de religion ; (1562 - 1629)
|c Denise Turrel
|
| 264 |
|
1 |
|a Genève
|b Librairie Droz
|c 2005
|
| 300 |
|
|
|a 256 S.
|b Ill.
|c 26 cm
|
| 336 |
|
|
|a Text
|b txt
|2 rdacontent
|
| 337 |
|
|
|a ohne Hilfsmittel zu benutzen
|b n
|2 rdamedia
|
| 338 |
|
|
|a Band
|b nc
|2 rdacarrier
|
| 490 |
1 |
|
|a Travaux d'Humanisme et Renaissance
|v 396
|
| 505 |
8 |
|
|a Literaturverz. S. [229] - 246
|
| 583 |
1 |
|
|a Archivierung/Langzeitarchivierung gewährleistet
|f SSG
|x XA-DE-BW
|2 pdager
|5 DE-21
|
| 583 |
1 |
|
|a Archivierung prüfen
|c 20240324
|f DE-4165
|z 1
|2 pdager
|
| 583 |
1 |
|
|a Archivierung/Langzeitarchivierung gewährleistet
|f SLG
|z Frankreichforschung
|2 pdager
|5 DE-77
|
| 648 |
|
7 |
|a Geschichte 1562-1629
|2 gnd
|
| 650 |
|
0 |
|a Standards, Military
|x History
|x France
|
| 650 |
|
0 |
|a Regalia (Insignia)
|x History
|x France
|
| 650 |
|
0 |
|a Emblems, National
|x History
|x France
|
| 650 |
|
0 |
|a Symbolism in politics
|x History
|x France
|
| 650 |
0 |
7 |
|0 (DE-588)4160768-5
|0 (DE-627)104417919
|0 (DE-576)209860359
|a Hugenottenkriege
|2 gnd
|
| 650 |
0 |
7 |
|0 (DE-588)4312280-2
|0 (DE-627)124261566
|0 (DE-576)211143715
|a Kampfabzeichen
|2 gnd
|
| 650 |
|
4 |
|a Geschichte 1560-1630
|
| 651 |
|
0 |
|a France
|x History
|x Wars of the Huguenots, 1562-1598
|
| 651 |
|
0 |
|a France
|x History
|x Henry IV, 1589-1610
|
| 651 |
|
7 |
|0 (DE-588)4018145-5
|0 (DE-627)106327232
|0 (DE-576)208922857
|a Frankreich
|2 gnd
|
| 651 |
|
4 |
|a Frankreich
|
| 689 |
0 |
0 |
|D s
|0 (DE-588)4160768-5
|0 (DE-627)104417919
|0 (DE-576)209860359
|a Hugenottenkriege
|2 gnd
|
| 689 |
0 |
1 |
|D s
|0 (DE-588)4161860-9
|0 (DE-627)105466786
|0 (DE-576)209869127
|a Insignien
|2 gnd
|
| 689 |
0 |
2 |
|D s
|0 (DE-588)4046514-7
|0 (DE-627)104152206
|0 (DE-576)209069945
|a Politik
|2 gnd
|
| 689 |
0 |
3 |
|A z
|2 gnd
|a Geschichte 1562-1629
|
| 689 |
0 |
|
|5 (DE-627)
|
| 787 |
0 |
8 |
|i Rezensiert in
|a Descimon, Robert HEB
|t Denise Turrel, Le blanc de France [Rezension]
|d 2005
|w (DE-627)1964879175
|
| 787 |
0 |
8 |
|i Rezensiert in
|a Pierre, Benoist HEB
|t Denise Turrel, Le blanc de France [Rezension]
|d 2006
|w (DE-627)1964878276
|
| 787 |
0 |
8 |
|i Rezensiert in
|a Duprat, Annie HEB
|t Denise Turrel, Le blanc de France [Rezension]
|d 2006
|w (DE-627)1964877652
|
| 830 |
|
0 |
|a Travaux d'humanisme et renaissance
|v 396
|9 396
|w (DE-627)129314781
|w (DE-576)014533138
|w (DE-600)128401-0
|x 0082-6081
|7 am
|
| 856 |
4 |
2 |
|u http://www.gbv.de/dms/hbz/toc/ht014324744.pdf
|m V:DE-605
|q pdf/application
|v 2008-11-15
|x Verlag
|y Inhaltsverzeichnis
|3 Inhaltsverzeichnis
|7 1
|
| 856 |
4 |
2 |
|u http://scans.hebis.de/HEBCGI/show.pl?12786863_toc.pdf
|m V:DE-605
|q application/pdf
|3 Inhaltsverzeichnis
|7 1
|
| 856 |
4 |
2 |
|u http://scans.hebis.de/HEBCGI/show.pl?12786863_rez.pdf
|m V:DE-603;B:DE-77
|q application/pdf
|3 Rezension
|7 1
|
| 883 |
|
|
|8 1\p
|a cgwrk
|d 20251001
|q DE-101
|u https://d-nb.info/provenance/plan#cgwrk
|
| 912 |
|
|
|a GBV_ILN_11
|
| 912 |
|
|
|a ISIL_DE-1a
|
| 912 |
|
|
|a SYSFLAG_1
|
| 912 |
|
|
|a GBV_KXP
|
| 912 |
|
|
|a GBV_ILN_24
|
| 912 |
|
|
|a ISIL_DE-8
|
| 912 |
|
|
|a GBV_ILN_39
|
| 912 |
|
|
|a ISIL_DE-547
|
| 912 |
|
|
|a GBV_ILN_50
|
| 912 |
|
|
|a ISIL_DE-23
|
| 912 |
|
|
|a GBV_ILN_350
|
| 912 |
|
|
|a ISIL_DE-2795
|
| 912 |
|
|
|a GBV_ILN_350_
|
| 912 |
|
|
|a GBV_ILN_2001
|
| 912 |
|
|
|a ISIL_DE-21
|
| 912 |
|
|
|a GBV_ILN_2003
|
| 912 |
|
|
|a ISIL_DE-25
|
| 912 |
|
|
|a GBV_ILN_2005
|
| 912 |
|
|
|a ISIL_DE-291
|
| 912 |
|
|
|a GBV_ILN_2007
|
| 912 |
|
|
|a ISIL_DE-352
|
| 912 |
|
|
|a GBV_ILN_2008
|
| 912 |
|
|
|a ISIL_DE-24
|
| 912 |
|
|
|a GBV_ILN_2011
|
| 912 |
|
|
|a ISIL_DE-16
|
| 912 |
|
|
|a GBV_ILN_2030
|
| 912 |
|
|
|a ISIL_DE-77
|
| 935 |
|
|
|a mteo
|a MZFRA
|
| 935 |
|
|
|i Blocktest
|
| 936 |
r |
v |
|a NH 3980
|b Gesamtausgaben
|k Geschichte
|k Griechisch-römische Geschichte
|k Griechische und lateinische Schriftsteller (Inschriften bei ND 4200 ff)
|k Lateinische Schriftsteller
|k Schriftsteller G
|k Gaius
|k Gesamtausgaben
|0 (DE-627)1271454874
|0 (DE-625)rvk/125609:238
|0 (DE-576)201454874
|
| 936 |
b |
k |
|a 11.53
|j Neuzeitliches Christentum
|0 (DE-627)181571498
|
| 936 |
b |
k |
|a 15.65
|j Frankreich
|x Geschichte
|0 (DE-627)181571641
|
| 936 |
s |
n |
|a n100
|2 mzub
|
| 951 |
|
|
|a BO
|
| 953 |
|
|
|2 045F
|a 940.2
|u https://www.gbv.de/dms/ddc/940.2.pdf
|
| 953 |
|
|
|2 045F
|a 944
|u https://www.gbv.de/dms/ddc/944.pdf
|
| 980 |
|
|
|2 11
|1 01
|x 0001
|b 71004609X
|c 00
|f 2
|d 1 B 93084
|e u
|j --%%--
|y k
|z 24-03-05
|
| 980 |
|
|
|2 24
|1 01
|x 0008
|b 712043586
|c 00
|f 10 gsd 735
|d Ra 7398
|e u
|j --%%--
|h hb
|y zz1
|z 16-03-05
|
| 980 |
|
|
|2 39
|1 01
|x 0547
|b 773305696
|c 00
|f MAG
|d 358370
|e u
|j --%%--
|y zet3
|z 07-12-06
|
| 980 |
|
|
|2 50
|1 01
|x 0023
|b 704083191
|c 00
|f --%%--
|d F4° 788:396
|e u
|j --%%--
|y k
|z 18-02-05
|
| 980 |
|
|
|2 350
|1 01
|x 8293
|b 098374710
|c 00
|f MAG1
|d Lb 1610 -396
|e i
|j --%%--
|y n
|z 05-08-05
|
| 980 |
|
|
|2 2001
|1 01
|x DE-21
|b 3200825820
|c 00
|f --%%--
|d 46 A 1757
|e --%%--
|j --%%--
|y l01
|z 23-01-06
|
| 980 |
|
|
|2 2003
|1 01
|x DE-25
|b 3200825898
|c 00
|f --%%--
|d TX 2005/533
|e --%%--
|j --%%--
|y l01
|z 07-04-05
|
| 980 |
|
|
|2 2005
|1 01
|x DE-291
|b 3200825952
|c 00
|f --%%--
|d 4 2006-1374
|e --%%--
|j --%%--
|y l01
|z 23-08-06
|
| 980 |
|
|
|2 2007
|1 01
|x DE-352
|b 3200826002
|c 00
|f --%%--
|d --%%--
|e --%%--
|j --%%--
|y l01
|z 16-10-06
|
| 980 |
|
|
|2 2008
|1 01
|x DE-24
|b 320082610X
|c 00
|f --%%--
|d 54a/3827
|e --%%--
|j --%%--
|c 01
|f Magazin 8
|d NH 3980 54a/3827
|e --%%--
|j --%%--
|k ag F
|y l01
|z 04-04-05
|
| 980 |
|
|
|2 2011
|1 01
|x DE-16
|b 3200826177
|c 00
|f --%%--
|d 2005 A 1960
|e --%%--
|j --%%--
|y l01
|z 09-03-05
|
| 980 |
|
|
|2 2030
|1 01
|x DE-77
|b 4887625847
|c 00
|f --%%--
|d 8720 FAE 1081
|e --%%--
|j l
|c 01
|f --%%--
|d FAE 1081
|e --%%--
|j --%%--
|h 00015
|y l01
|z 25-07-05
|
| 982 |
|
|
|2 350
|1 01
|x 8293
|8 00
|a Frankreich
|
| 982 |
|
|
|2 350
|1 01
|x 8293
|8 00
|a Hugenottenkriege
|
| 982 |
|
|
|2 350
|1 01
|x 8293
|8 00
|a Politisches Symbol
|
| 982 |
|
|
|2 350
|1 01
|x 8293
|8 00
|a 1562-1629
|
| 983 |
|
|
|2 24
|1 01
|x 0008
|8 50
|0 (DE-627)253047056
|a gsd 735.60
|b Frankreich
|b Geschichte 1559-1589
|
| 983 |
|
|
|2 24
|1 01
|x 0008
|8 60
|0 (DE-627)058573216
|a reg 24.3
|b Frankreich
|
| 983 |
|
|
|2 24
|1 01
|x 0008
|8 70
|0 (DE-627)525391908
|a gsd 735
|b Frankreich
|b Geschichte 1494-1610
|
| 983 |
|
|
|2 39
|1 00
|x DE-547
|8 01
|a NN 3980
|
| 983 |
|
|
|2 2001
|1 01
|x DE-21
|8 00
|a t3.3
|
| 984 |
|
|
|2 11
|1 01
|x 0001
|a 143107095010
|
| 984 |
|
|
|2 24
|1 01
|x 0008
|a 8$0011898380
|
| 984 |
|
|
|2 39
|1 01
|x 0547
|a 547$012763748
|
| 984 |
|
|
|2 50
|1 01
|x 0023
|a 23$1214794X
|
| 984 |
|
|
|2 350
|1 01
|x 8293
|a 8293000107370
|
| 985 |
|
|
|2 39
|1 01
|x 0547
|a 2006030995
|
| 985 |
|
|
|2 50
|1 01
|x 0023
|a F4° 788:396
|
| 985 |
|
|
|2 350
|1 01
|x 8293
|a 2005/11043
|
| 995 |
|
|
|2 24
|1 01
|x 0008
|a hb
|
| 995 |
|
|
|2 2030
|1 01
|x DE-77
|a 00015
|